[Event "Telford 4NCL op 22nd"]
[Site "Telford"]
[Date "2019.07.20"]
[Round "3"]
[White "Adams, Mark"]
[Black "Baxter, Harold"]
[Result "1/2-1/2"]
[WhiteElo "1963"]
[BlackElo "1864"]
[PlyCount "64"]
[EventDate "2019.07.19"]
[EventType "swiss"]
[EventRounds "5"]
[EventCountry "ENG"]
[SourceTitle "EXT 2020"]
[Source "ChessBase"]
[SourceDate "2019.10.17"]
[SourceVersion "1"]
[SourceVersionDate "2019.10.17"]
[SourceQuality "1"]

1. e4 c5 2. Nf3 e6 3. d4 cxd4 4. Nxd4 a6 5. Nc3 Qc7 6. Bd3 Nf6 7. f4 d6 8. Qf3 Nbd7 9. Be3 b5 10. a3 Bb7 11. g4 Nc5 12. g5 Nfd7 13. 0-0 g6 14. Rae1 Bg7 15. Qe2 Nxd3 16. cxd3 e5 17. fxe5 dxe5 18. Nb3 0-0 19. Rc1 Qd8 20. h4 Rc8 21. Qg4 f6 22. Qe6+ Kh8 23. Nd5 Bxd5 24. Qxd5 f5 25. Rxc8 Qxc8 26. Rc1 Qd8 27. Rc6 f4 28. Bf2 Nb8 29. Rd6 Qc8 30. Kh2 Qc2 31. Kg2 Qc8 32. Kh2 Qc2 1/2-1/2

[Event "BCF-chT3N 1718 (4NCL)"]
[Site "England"]
[Date "2018.05.05"]
[Round "9.94"]
[White "Baxter, Harold"]
[Black "Doherty, Paul D"]
[Result "1/2-1/2"]
[WhiteElo "1863"]
[BlackElo "1674"]
[PlyCount "72"]
[EventDate "2017.11.11"]
[EventType "team-swiss"]
[EventRounds "11"]
[EventCountry "ENG"]
[SourceTitle "EXT 2020"]
[Source "ChessBase"]
[SourceDate "2019.10.17"]
[SourceVersion "1"]
[SourceVersionDate "2019.10.17"]
[SourceQuality "1"]
[WhiteTeam "Bradford DCA Knights III"]
[BlackTeam "3CS Oldham III"]
[WhiteTeamCountry "ENG"]
[BlackTeamCountry "ENG"]

1. Nf3 f5 2. d4 Nf6 3. g3 e6 4. Bg2 Be7 5. c4 0-0 6. Nc3 Ne4 7. Qd3 Nxc3 8. Qxc3 Bf6 9. 0-0 Qe8 10. Bf4 d6 11. c5 Qe7 12. cxd6 cxd6 13. Qa3 Rd8 14. Rac1 Na6 15. h4 h6 16. Rfd1 Nc7 17. Ne1 g5 18. hxg5 hxg5 19. Be3 Kf7 20. Qb3 Rh8 21. Nd3 Kg6 22. f4 g4 23. Kf2 Rb8 24. Nb4 Ra8 25. Qc4 Ne8 26. Rh1 d5 27. Qc3 Bd7 28. Rxh8 Bxh8 29. Rh1 Bg7 30. Nd3 Rc8 31. Qd2 Nd6 32. b3 b6 33. Ne5+ Bxe5 34. fxe5 Nf7 35. Bf4 Bb5 36. Rc1 Qd7 1/2-1/2

[Event "BCF-chT3N 1718 (4NCL)"]
[Site "England"]
[Date "2017.11.12"]
[Round "2.43"]
[White "Baxter, Harold"]
[Black "Burke, Mitchell R"]
[Result "0-1"]
[WhiteElo "1853"]
[BlackElo "1983"]
[PlyCount "84"]
[EventDate "2017.11.11"]
[EventType "team-swiss"]
[EventRounds "11"]
[EventCountry "ENG"]
[SourceTitle "EXT 2020"]
[Source "ChessBase"]
[SourceDate "2019.10.17"]
[SourceVersion "1"]
[SourceVersionDate "2019.10.17"]
[SourceQuality "1"]
[WhiteTeam "Bradford DCA Knights II"]
[BlackTeam "3CS Oldham II"]
[WhiteTeamCountry "ENG"]
[BlackTeamCountry "ENG"]

1. Nf3 d6 2. d4 Nf6 3. g3 g6 4. Bg2 Bg7 5. c4 0-0 6. Nc3 Nbd7 7. 0-0 e5 8. Qc2 Ng4 9. e3 f5 10. h3 Nh6 11. dxe5 dxe5 12. Rd1 c6 13. b4 Qe7 14. c5 a5 15. Ba3 e4 16. Nd4 axb4 17. Bxb4 Nf7 18. Rab1 Kh8 19. Nce2 Nf6 20. Qb3 g5 21. Rd2 Ne5 22. Rbd1 Nd3 23. Rc2 Nd5 24. a3 Bd7 25. Nc1 Ne5 26. Be1 Be8 27. Na2 Nd3 28. Nb4 N5xb4 29. axb4 Bf7 30. Qb1 Bh5 31. f3 Nxe1 32. Rxe1 exf3 33. Nxf3 Bxf3 34. Bxf3 Ra1 35. Qxa1 Bxa1 36. Rxa1 Qxe3+ 37. Kg2 g4 38. Rf1 gxf3+ 39. Rxf3 Qe4 40. Rb2 Rd8 41. Rbf2 Rd3 42. h4 Kg7 0-1

[Event "BCF-chT3N 1617 (4NCL)"]
[Site "England"]
[Date "2017.01.15"]
[Round "4.203"]
[White "O'Gorman, Alice"]
[Black "Baxter, Harold"]
[Result "1/2-1/2"]
[WhiteElo "1906"]
[BlackElo "1882"]
[PlyCount "48"]
[EventDate "2016.11.26"]
[EventType "team-swiss"]
[EventRounds "11"]
[EventCountry "ENG"]
[SourceTitle "EXT 2019"]
[Source "ChessBase"]
[SourceDate "2018.10.10"]
[SourceVersion "1"]
[SourceVersionDate "2018.10.10"]
[SourceQuality "1"]
[WhiteTeam "Enniscorthy"]
[BlackTeam "Bradford DCA Knights II"]
[WhiteTeamCountry "IRL"]
[BlackTeamCountry "ENG"]

1. e4 c5 2. Nf3 e6 3. d4 cxd4 4. Nxd4 a6 5. c4 Nf6 6. Nc3 Qc7 7. Be3 d6 8. f3 Nbd7 9. Qd2 Be7 10. Be2 b6 11. 0-0 Bb7 12. Rac1 Rc8 13. Rfd1 Qb8 14. b3 0-0 15. Bf2 Rfd8 16. Nc2 h6 17. Bg3 Ne5 18. Kh1 Nh5 19. Bf2 Bg5 20. Be3 Bxe3 21. Qxe3 Nd7 22. Nb4 Nhf6 23. Rd2 Qc7 24. Rcd1 Ne8 1/2-1/2

[Event "Wetherby 4NCL op-A 6th"]
[Site "Wetherby"]
[Date "2016.01.10"]
[Round "5"]
[White "Baxter, Harold"]
[Black "Burke, Mitchell R"]
[Result "1/2-1/2"]
[WhiteElo "1861"]
[BlackElo "2002"]
[PlyCount "50"]
[EventDate "2016.01.08"]
[EventType "swiss"]
[EventRounds "5"]
[EventCountry "ENG"]
[SourceTitle "CBM 170 Extra"]
[Source "ChessBase"]
[SourceDate "2016.02.25"]
[SourceVersion "1"]
[SourceVersionDate "2016.02.25"]
[SourceQuality "1"]

1. Nf3 g6 2. g3 Bg7 3. d4 d6 4. Bg2 Nd7 5. c4 Ngf6 6. Nc3 0-0 7. 0-0 e5 8. Qc2 Re8 9. Rd1 exd4 10. Nxd4 a6 11. h3 Rb8 12. a4 Qe7 13. Ra3 h6 14. a5 Ne5 15. Nd5 Qd8 16. f4 Ned7 17. f5 g5 18. h4 g4 19. Nf4 c5 20. Nb3 Qc7 21. Nd2 b6 22. Ne4 Nxe4 23. Bxe4 Nf6 24. Nd5 Nxd5 25. Bxd5 bxa5 1/2-1/2

[Event "Wetherby 4NCL op-A 6th"]
[Site "Wetherby"]
[Date "2016.01.09"]
[Round "2"]
[White "Garnett, John S"]
[Black "Baxter, Harold"]
[Result "1-0"]
[WhiteElo "1969"]
[BlackElo "1861"]
[PlyCount "55"]
[EventDate "2016.01.08"]
[EventType "swiss"]
[EventRounds "5"]
[EventCountry "ENG"]
[SourceTitle "CBM 170 Extra"]
[Source "ChessBase"]
[SourceDate "2016.02.25"]
[SourceVersion "1"]
[SourceVersionDate "2016.02.25"]
[SourceQuality "1"]

1. d4 Nf6 2. Bg5 Ne4 3. Bf4 d5 4. e3 e6 5. Bd3 Bd6 6. Ne2 Bxf4 7. Nxf4 Nf6 8. 0-0 Nc6 9. c4 0-0 10. cxd5 exd5 11. Nc3 Ne7 12. b4 a6 13. a4 c6 14. b5 Bf5 15. bxc6 bxc6 16. Bxf5 Nxf5 17. Qd3 Nd6 18. Rfb1 Qc7 19. Nfe2 a5 20. Nc1 Rab8 21. Nb3 Qa7 22. Nc5 Nc4 23. Rxb8 Rxb8 24. Rb1 Rxb1+ 25. Qxb1 Kf8 26. Qf5 Nd6 27. Qf3 Qb6 28. Qxf6 1-0

[Event "London Golders Green op 3rd"]
[Site "London"]
[Date "2014.05.04"]
[Round "4"]
[White "Baxter, Harold"]
[Black "Iqbal, Zafar"]
[Result "1-0"]
[WhiteElo "1975"]
[BlackElo "1925"]
[PlyCount "105"]
[EventDate "2014.05.03"]
[EventType "swiss"]
[EventRounds "6"]
[EventCountry "ENG"]
[SourceTitle "EXT 2018"]
[Source "ChessBase"]
[SourceDate "2017.10.13"]
[SourceVersion "1"]
[SourceVersionDate "2017.10.13"]
[SourceQuality "1"]

1. Nf3 Nf6 2. g3 g6 3. Bg2 Bg7 4. d4 0-0 5. c4 d5 6. 0-0 dxc4 7. Na3 c3 8. bxc3 c5 9. Nc4 Nc6 10. Nfe5 Nxe5 11. Nxe5 Nd5 12. Qb3 Bxe5 13. dxe5 Nb6 14. Bh6 Re8 15. Rad1 Qc7 16. f4 Be6 17. Qc2 Nc4 18. f5 Bxf5 19. Rxf5 gxf5 20. Qxf5 Nxe5 21. Bf4 f6 22. Be4 e6 23. Qxf6 Ng4 24. Bxc7 Nxf6 25. Bxb7 Rab8 26. Bxb8 Rxb8 27. Bf3 Rb2 28. Rd8+ Kg7 29. Rc8 Rxa2 30. Rxc5 Rc2 31. g4 h6 32. Kf2 a5 33. Ke3 a4 34. Kd3 Ra2 35. h4 a3 36. Ra5 Ra1 37. Kc2 a2 38. Kb2 Rb1+ 39. Kxa2 Rb8 40. Ka3 Ne8 41. Ra8 Rxa8+ 42. Bxa8 Nf6 43. Bf3 e5 44. e4 Kf7 45. Kb4 Nh7 46. Kc5 Ke6 47. Kc6 Nf6 48. c4 Ng8 49. g5 Ne7+ 50. Kc7 hxg5 51. hxg5 Ng6 52. Bg4+ Ke7 53. c5 1-0

[Event "Leicester Atkins Memorial"]
[Site "Leicester"]
[Date "2013.11.30"]
[Round "2"]
[White "Alvarez Jimenez, Alfonso"]
[Black "Baxter, Harold"]
[Result "0-1"]
[WhiteElo "1854"]
[BlackElo "1904"]
[PlyCount "98"]
[EventDate "2013.11.29"]
[EventType "swiss"]
[EventRounds "5"]
[EventCountry "ENG"]
[SourceTitle "EXT 2023"]
[Source "ChessBase"]
[SourceDate "2022.10.05"]
[SourceVersion "1"]
[SourceVersionDate "2022.10.05"]
[SourceQuality "1"]

1. d4 Nf6 2. c4 g6 3. Nc3 d5 4. Nf3 Bg7 5. e3 0-0 6. Bd3 c5 7. Qc2 Nc6 8. Nxd5 cxd4 9. Nxf6+ Bxf6 10. exd4 Nxd4 11. Nxd4 Qxd4 12. 0-0 Rd8 13. Be4 Be6 14. c5 Rac8 15. Be3 Qxb2 16. Qxb2 Bxb2 17. Rab1 Bd4 18. Rfc1 Bxa2 19. Bxd4 Rxd4 20. Bxb7 Rxc5 21. Rxc5 Bxb1 22. f3 Bf5 23. Ra5 Rd7 24. Ba6 h5 25. Kf2 Rc7 26. h4 Kg7 27. Ke3 f6 28. Kf4 e5+ 29. Ke3 Kh6 30. Be2 g5 31. Ra6 Kg6 32. g4 hxg4 33. fxg4 Bc8 34. h5+ Kg7 35. h6+ Kxh6 36. Rxf6+ Kg7 37. Rd6 Rc3+ 38. Ke4 Rg3 39. Bd1 Bxg4 40. Kxe5 Bxd1 41. Rxd1 Rf3 42. Ke4 Rf4+ 43. Ke5 Kg6 44. Rd6+ Kh5 45. Rd7 a5 46. Ra7 a4 47. Ra8 Kh4 48. Rh8+ Kg3 49. Ra8 g4 0-1